| 000 | 00505cam a2200181ua 4500 | ||
|---|---|---|---|
| 020 | _cRs.10/- | ||
| 041 |
_ahin _h |
||
| 082 |
_a891.43 _bPRI/BA |
||
| 100 | _aPrithvi, nath sasthri . | ||
| 245 | 0 | 0 |
_aBangala pranidhi ki prathinidhi hasya / _cPrithvi nath sasthiri,Tgedrakumar lalla. _hTextual Documents |
| 260 |
_aDelhi : _bAtmaram and sons , _c1962. |
||
| 300 | _a395 ; . | ||
| 365 | _aRs.10/- | ||
| 504 | _a | ||
| 700 | 1 | _atogendra, Kumar Lalla . | |
| 942 | _cBK | ||
| 999 |
_c12260 _d12260 |
||